5HLuxD.jpg

KING HENRY VIII SENIOR AND PRIMARY SCHOOL LIBRARY OPAC

TOM GATES (Record no. 5202)

000 -LEADER
fixed length control field 00521nam a22001337a 4500
008 - FIXED-LENGTH DATA ELEMENTS--GENERAL INFORMATION
fixed length control field 250825b ||||| |||| 00| 0 eng d
020 ## - INTERNATIONAL STANDARD BOOK NUMBER
International Standard Book Number 9781742767833
082 ## - DEWEY DECIMAL CLASSIFICATION NUMBER
Classification number 823.92 PIC
100 ## - MAIN ENTRY--PERSONAL NAME
Personal name PICHON,LIZ
Relator term AUTHOR
Language of a work ENGLISH
245 ## - TITLE STATEMENT
Title TOM GATES
Remainder of title YES! NO. (Maybe...)
260 ## - PUBLICATION, DISTRIBUTION, ETC.
Place of publication, distribution, etc. EUSTON HOUSE,24 EVERSHOLT STREET,LONDON,NW1 1DB,SCHOLASTIC IRELAND,89E LAGAN ROAD,DUBLIN INDUSTRIAL ESTATE,G;ASNEVIN,DUBLIN,D11 HP5F
Name of publisher, distributor, etc. SCHOLASTIC
Date of publication, distribution, etc. 2021
300 ## - PHYSICAL DESCRIPTION
Extent 220 pages
Other physical details paperback
Dimensions 15cm
942 ## - ADDED ENTRY ELEMENTS (KOHA)
Source of classification or shelving scheme
Classification part 823.92 PIC
Holdings
Withdrawn status Lost status Source of classification or shelving scheme Damaged status Not for loan Collection code Permanent Location Current Location Shelving location Date acquired Total Checkouts Full call number Barcode Date last seen Date last checked out Price effective from Koha item type Public note
          Fiction KH8 Primary School Library KH8 Primary School Library Fiction 2025-08-25 7 823.92 PIC KHPL000007616 2026-04-16 2026-04-09 2025-08-25 Books - Fiction KH8 PRIMARY LIBRARY

Powered By KH8 IT Dept